| 000 | 00551nam a22001817a 4500 | ||
|---|---|---|---|
| 005 | 20251108164019.0 | ||
| 008 | 250721s1993 xx 000 0 ara d | ||
| 082 | 1 | 4 | _a210.437/حدي |
| 100 | 1 | _aحلاوى، حديوي | |
| 245 | 1 | 0 |
_aلقمان الحكيم : _bحياته و وصاياه / |
| 264 | 1 |
_aالقاهرة : _bمكتبة مدبولي الصغير، _c1993. |
|
| 300 | _a164ص. | ||
| 650 | 1 | 7 | _aالتربية الإسلامية |
| 650 | 1 | 7 | _aالقرآن الكريم |
| 650 | 1 | 7 | _aالتربية |
| 942 |
_2ddc _cBK |
||
| 999 |
_c1435 _d1435 |
||